Public policy : issues, analysis, and ideology /

Bibliographic Details
Other Authors: Paul, Ellen Frankel, Russo, Philip A., 1951-
Format: Book
Language:English
Published: Chatham, N.J. : Chatham House Publishers, [1982]
Series:Chatham House series on change in American politics.
Subjects:

MARC

Tag First Indicator Second Indicator Subfields
LEADER 00000cam a22000008a 4500
001 in00000080645
005 20151008054031.0
008 810522s1982 nju b 00000 eng
010 |a  81010027  
020 |a 0934540047 :  |c $8.95 
035 |a (OCoLC)07578005 
035 |9 AAH9420AM 
039 0 |a 2  |b 3  |c 3  |d 3  |e 3 
040 |a DLC  |c DLC  |d TXA  |d UtOrBLW 
043 |a n-us--- 
049 |a TXAM  |c [1195874] 
050 0 0 |a H97  |b .P8 
082 0 |a 361/.973  |2 19 
245 0 0 |a Public policy :  |b issues, analysis, and ideology /  |c edited by Ellen Frankel Paul and Philip A. Russo, Jr. 
263 |a 8107 
264 1 |a Chatham, N.J. :  |b Chatham House Publishers,  |c [1982] 
264 4 |c ©1982 
300 |a xi, 319 pages ;  |c 23 cm. 
336 |a text  |b txt  |2 rdacontent 
337 |a unmediated  |b n  |2 rdamedia 
338 |a volume  |b nc  |2 rdacarrier 
490 1 |a Chatham House series on change in American politics 
504 |a Includes bibliographical references. 
650 0 |a Policy sciences. 
650 0 |a Public policy (Law)  |z United States. 
700 1 |a Paul, Ellen Frankel. 
700 1 |a Russo, Philip A.,  |d 1951- 
830 0 |a Chatham House series on change in American politics. 
999 |a MARS 
999 f f |s fe744076-d44c-3577-9dc5-15a87e024d4a  |i b095394a-3736-391d-a87f-ee2b609e540d  |t 0 
952 f f |p ric  |a Texas A&M University  |b Rellis Campus  |c Joint Library Facility  |d Remote Storage  |t 0  |e H97 .P8  |h Library of Congress classification  |i unmediated -- volume  |m A14806118638 
998 f f |a H97 .P8  |t 0  |l Remote Storage